JARABINA VTÁČIA

Bibliographic Details
Main Author: Zvara, Milan, 1933-2002 (Author)
Format: Article
Language:Slovak
Subjects:

MARC

LEADER 00000nab a2200000ua 4500
001 vtls010819770
003 SK-MaSNL
005 20260303103628.0
008 230121s1963 xo |||||||||||||||||slo|
035 |a (urnnbn)urn:nbn:sk:snk:ar-a05w4r 
035 |a urn:nbn:sk:snk-ab5ndb 
035 |a (uuid)9b229e78-d7e0-4c3c-991d-285077aa600a 
040 |a SNKBUCL  |b slo  |c SNKBUCL  |e AACR2 
041 0 |a slo 
044 |a xo  |c SK 
100 1 |a Zvara, Milan,  |d 1933-2002  |4 aut  |9 38474 
245 1 0 |a JARABINA VTÁČIA  |c Milan Zvara 
650 0 7 |a jarabina vtáčia  |2 SNKPH  |9 78826 
773 0 |t Výživa a zdravie : časopis pre výživu a zdravý životný štýl  |g Roč. 8, č. 2 (1963), s. [48a] 
954 |a odborná, vedecká literatúra pôvodná (slovenská)  |2 lita 
958 |a OND 
958 |a EUIPO 
958 |a article5 
999 |c 1850893  |d 1852823